00423nam a2200181Ia 4500003000400000005001700004008004100021020001800062040000600080041001200086082002200098100003300120245002200153250001100175260003400186300001200220440000900232OSt20241004094803.0240126s9999 xx 000 0 und d a9789389656329 c0 aEnglish a344.046 SIN;1 R aSingh, Gurdip. Amrita Bahri. 0aEnvironmental law a2nd ed bEastern Book CompanyaLucknow axl, 568 aNULL